000 01453nam a2200265Ia 4500
999 _c52658
_d52658
001 19682
003 GE_BSU
005 20200324214157.0
008 181216s1985||||ge |||||||||||||| ||geo||
040 _cGE_BSU
041 _ageo
080 _a811.353.1'373 ქ-27
245 _aქართული სიტყვის კულტურის საკითხები წ. 7 სიტყვა და კონტექსტი (მასალები ლექსიკონისათვის) :
_b[სტატიების კრებული] /
_cსარედ. კოლ. შ. აფრიდონიძე (რედ.), ლ. ლეჟავა (მდ.), ქ. ლომთათიძე და სხვ.
264 _aთბილისი :
_bმეცნიერება,
_c1985.
300 _a421 გვ. ;
_c22 სმ.
541 _h7ლ.40თ.
653 _aქართული ენა
653 _aქართული ენის ლექსიკა
653 _aქართული სალიტერატურო ენა
653 _aქართული ენის სტილისტიკა
700 _aაფრიდონიძე შ.
_eრედაქტორი
_97784
710 _aსაქ. სსრ მეცნ. აკადემია
_97785
710 _a ენათმეცნიერების ინსტიტუტი
_97786
942 _cBK
_2udc